[Event "XIV American Continental"]
[Site "Sao Paulo BRA"]
[Date "2019.07.12"]
[Round "10.16"]
[White "Molina, Roberto Junio Brito"]
[Black "Fernandez Reyes, Lisandro"]
[Result "1/2-1/2"]
[WhiteElo "2464"]
[BlackElo "2378"]
[EventDate "2019.07.05"]
[PlyCount "284"]
[EventRounds "11"]
[EventCountry "BRA"]

1.e4 c6 2.d4 g6 3.Nc3 Bg7 4.Be3 d5 5.Qd2 Nf6 6.e5 Ng4 7.Bf4 h5 8.h3 Nh6 9.
g4 Be6 10.O-O-O Nd7 11.f3 b5 12.Bd3 Qa5 13.Nge2 Nb6 14.a3 Nc4 15.Bxc4 bxc4
16.Rdg1 Ng8 17.Be3 h4 18.f4 Bf8 19.Rf1 f5 20.exf6 Nxf6 21.f5 gxf5 22.Nf4 
Bd7 23.Ng6 Rg8 24.gxf5 O-O-O 25.Bh6 Bxh6 26.Qxh6 Rde8 27.Qxh4 Rg7 28.Rhg1 
Rh7 29.Qg3 Qc7 30.Qe3 Qd6 31.h4 Kb7 32.Rf2 Rh5 33.Rg5 Rxg5 34.Qxg5 c5 35.
dxc5 Qxc5 36.Qf4 d4 37.Ne4 Qd5 38.Ng5 c3 39.Qf3 cxb2+ 40.Kxb2 Ka6 41.Qxd5 
Nxd5 42.Kc1 Ne3 43.Nxe7 Ng4 44.Rf4 Rxe7 45.Rxg4 Bxf5 46.Rxd4 Re2 47.Rd2 
Re1+ 48.Kb2 Rh1 49.Rf2 Bg4 50.Rf4 Bd1 51.Rd4 Kb6 52.Ne6 Re1 53.Nf4 Rh1 54.
Nd3 Rh2 55.Nb4 Bh5 56.Kc3 a5 57.Nd5+ Kc5 58.Ne3 Bf7 59.Ra4 Rh3 60.Kd2 Rh2+
61.Kd3 Bg6+ 62.Kc3 Kb5 63.Rg4 Bh7 64.a4+ Kc5 65.Rg5+ Kb6 66.Nc4+ Ka6 67.
Rxa5+ Kb7 68.Rb5+ Ka7 69.Ra5+ Kb7 70.Rh5 Bxc2 71.a5 Bd1 72.Rh6 Be2 73.Nd6+
Ka6 74.Kb4 Ka7 75.Rh7+ Ka8 76.Kc5 Bf1 77.h5 Bd3 78.Rh8+ Ka7 79.h6 Rh5+ 80.
Kb4 Rh4+ 81.Kc3 Bg6 82.Kb3 Bb1 83.Kb2 Bd3 84.Kc3 Bg6 85.Nc4 Bb1 86.Ne5 Be4
87.Nf7 Bb1 88.Kd2 Rh5 89.Nd8 Be4 90.Ke3 Rh4 91.Re8 Bf5 92.Rf8 Bg6 93.Rf6 
Rxh6 94.Kf4 Ka8 95.Ra6+ Kb8 96.Kg5 Rh8 97.Nc6+ Kb7 98.Rb6+ Kc7 99.Kxg6 Ra8
100.Ne7 Rxa5 101.Re6 Kb7 102.Kf7 Ra1 103.Nd5 Rd1 104.Rb6+ Ka7 105.Rd6 Re1 
106.Ne7 Kb7 107.Ke8 Kc7 108.Rc6+ Kb7 109.Rc3 Kb6 110.Kd7 Rd1+ 111.Ke6 Kb5 
112.Nd5 Rh1 113.Ke5 Rh5+ 114.Ke4 Rh4+ 115.Kd3 Rh3+ 116.Ne3 Rh8 117.Rc7 Kb6
118.Rg7 Kb5 119.Kd4 Rh4+ 120.Ng4 Rh8 121.Rg5+ Kb4 122.Ne3 Rh4+ 123.Kd3 Rh3
124.Rf5 Rg3 125.Kd4 Rg8 126.Nd5+ Kb3 127.Rf3+ Kb2 128.Rf7 Rg4+ 129.Kd3 
Rg3+ 130.Ne3 Kb3 131.Rb7+ Ka4 132.Kc4 Ka5 133.Kc5 Ka6 134.Re7 Rg1 135.Nc4 
Rg5+ 136.Ne5 Rg1 137.Rd7 Rg5 138.Rd5 Rg1 139.Rd8 Kb7 140.Rd7+ Ka6 141.Rd2 
Kb7 142.Rb2+ Kc7 1/2-1/2

[Event "XIV American Continental"]
[Site "Sao Paulo BRA"]
[Date "2019.07.12"]
[Round "10.25"]
[White "Almiron, Antonio"]
[Black "Albuquerque Junior, Wellington S."]
[Result "1/2-1/2"]
[WhiteElo "2402"]
[BlackElo "2204"]
[EventDate "2019.07.05"]
[PlyCount "42"]
[EventRounds "11"]
[EventCountry "BRA"]

1.Nf3 Nf6 2.d4 e6 3.c4 Bb4+ 4.Bd2 a5 5.g3 b6 6.Bg2 Bb7 7.O-O Bxd2 8.Nbxd2 
d6 9.Qc2 Nbd7 10.Rfd1 Qe7 11.e4 e5 12.d5 O-O 13.b3 c6 14.dxc6 Bxc6 15.Nh4 
g6 16.Nb1 Nc5 17.Nc3 Ne6 18.Nf3 Nc5 19.Re1 Qb7 20.Nh4 Ne6 21.Nf3 Nc5 
1/2-1/2

[Event "XIV American Continental"]
[Site "Sao Paulo BRA"]
[Date "2019.07.12"]
[Round "10.26"]
[White "Gemy, Jose Daniel"]
[Black "Tsuboi, Edson Kenji"]
[Result "1-0"]
[WhiteElo "2371"]
[BlackElo "2233"]
[EventDate "2019.07.05"]
[PlyCount "73"]
[EventRounds "11"]
[EventCountry "BRA"]

1.e4 c5 2.Nf3 Nc6 3.c3 Nf6 4.e5 Nd5 5.Bc4 Nb6 6.Bb5 d5 7.d4 c4 8.a4 Bd7 9.
a5 Nc8 10.b3 cxb3 11.a6 Qb6 12.Qxb3 e6 13.Nbd2 Rb8 14.Bd3 Qxb3 15.Nxb3 b6 
16.Nfd2 f6 17.f4 Be7 18.Nf3 O-O 19.Ke2 Be8 20.g4 fxe5 21.fxe5 Bg6 22.Bxg6 
hxg6 23.Bd2 Rf7 24.Rhb1 Bd8 25.h4 Rc7 26.Kd3 Rf7 27.Ke2 Be7 28.Bg5 Bf8 29.
Bd2 Be7 30.Nc1 Ra8 31.Nd3 Bf8 32.Ng5 Re7 33.Nf4 Nd8 34.Rb5 Re8 35.Rh1 Rb8 
36.Kd3 Be7 37.Ngxe6 1-0

[Event "XIV American Continental"]
[Site "Sao Paulo BRA"]
[Date "2019.07.12"]
[Round "10.27"]
[White "De Borba, Guilherme"]
[Black "Carvalho Fattoruso, Guillermo"]
[Result "1/2-1/2"]
[WhiteElo "2330"]
[BlackElo "2162"]
[EventDate "2019.07.05"]
[PlyCount "128"]
[EventRounds "11"]
[EventCountry "BRA"]

1.e4 e5 2.Nf3 Nc6 3.Bb5 a6 4.Ba4 Nf6 5.d3 b5 6.Bb3 Bc5 7.O-O O-O 8.c3 d6 
9.Bg5 h6 10.Bh4 Bb6 11.Nbd2 Be6 12.Bc2 Re8 13.Re1 Nb8 14.Nf1 Nbd7 15.Ne3 
Nf8 16.d4 Ng6 17.Bg3 Bg4 18.Nxg4 Nxg4 19.a4 Nf6 20.dxe5 dxe5 21.Qe2 c6 22.
Bb3 Qe7 23.Nh4 Nxh4 24.Bxh4 g5 25.Bg3 Nd7 26.Red1 Nc5 27.Bc2 Qf6 28.a5 Bc7
29.b4 Ne6 30.Rd7 Rad8 31.Rad1 Rxd7 32.Rxd7 Rd8 33.Rxd8+ Qxd8 34.Bb3 Qe7 
35.Qe3 Nf4 36.h3 c5 37.bxc5 Bxa5 38.c6 Bc7 39.Bxf4 exf4 40.Qa7 a5 41.Qb7 
b4 42.cxb4 axb4 43.Bd5 Kg7 44.Qb5 Qe5 45.Qxb4 h5 46.Kf1 g4 47.hxg4 hxg4 
48.Ke2 g3 49.f3 f5 50.Qb3 fxe4 51.Bxe4 Qd4 52.Qe6 Qe3+ 53.Kd1 Qd4+ 54.Kc2 
Qa4+ 55.Kd3 Qa3+ 56.Kc2 Qa4+ 57.Kc1 Qa1+ 58.Bb1 Qc3+ 59.Bc2 Qa1+ 60.Bb1 
Qc3+ 61.Kd1 Qd4+ 62.Kc2 Qc5+ 63.Kb3 Qb5+ 64.Kc2 Qc5+ 1/2-1/2

[Event "XIV American Continental"]
[Site "Sao Paulo BRA"]
[Date "2019.07.12"]
[Round "10.28"]
[White "Labussiere, Victor"]
[Black "Aranha Filho, Alvaro Zimmermann"]
[Result "1/2-1/2"]
[WhiteElo "2194"]
[BlackElo "2320"]
[EventDate "2019.07.05"]
[PlyCount "66"]
[EventRounds "11"]
[EventCountry "BRA"]

1.c4 e6 2.Nc3 d5 3.d4 c6 4.e4 Bb4 5.e5 c5 6.Nf3 cxd4 7.Nxd4 Ne7 8.Be2 Nbc6
9.O-O Bxc3 10.Nxc6 Nxc6 11.bxc3 O-O 12.f4 dxc4 13.Bxc4 Qa5 14.Qe2 Qxc3 15.
Bd2 Qa3 16.Kh1 Rd8 17.Rab1 Nd4 18.Qe4 Nf5 19.Bb4 Qe3 20.Rbd1 Bd7 21.Qxb7 
Ba4 22.Rxd8+ Rxd8 23.Qc7 Qb6 24.Ba5 Qxc7 25.Bxc7 Rd4 26.Bb3 Bc6 27.Kg1 h5 
28.g3 Ne3 29.Re1 Nd5 30.Ba5 h4 31.Kf2 Rd3 32.Rd1 Rxd1 33.Bxd1 h3 1/2-1/2

[Event "XIV American Continental"]
[Site "Sao Paulo BRA"]
[Date "2019.07.12"]
[Round "10.29"]
[White "Uribe Arteaga, Daniel"]
[Black "Medrano, Mario"]
[Result "1-0"]
[WhiteElo "2304"]
[BlackElo "1960"]
[EventDate "2019.07.05"]
[PlyCount "57"]
[EventRounds "11"]
[EventCountry "BRA"]

1.Nf3 e6 2.b3 d5 3.c4 Nf6 4.Bb2 Be7 5.e3 Nbd7 6.Nc3 b6 7.cxd5 exd5 8.Bb5 
O-O 9.Bc6 Ba6 10.Bxa8 Nc5 11.Ne5 Nfd7 12.Na4 Bf6 13.Nxc5 Nxc5 14.Bb7 Nxb7 
15.d3 Re8 16.f4 Bxe5 17.fxe5 Qh4+ 18.g3 Qh3 19.Qe2 Nc5 20.O-O-O Qf5 21.Kc2
Re6 22.e4 dxe4 23.dxe4 Qg5 24.Qe3 Qe7 25.Kb1 Bb7 26.Rd5 h6 27.Rf1 Nxe4 28.
Qxe4 Rd6 29.Qb4 1-0

[Event "XIV American Continental"]
[Site "Sao Paulo BRA"]
[Date "2019.07.12"]
[Round "10.30"]
[White "Di Berardino, Diego Rafael"]
[Black "Aguilar, Luis Miguel"]
[Result "1/2-1/2"]
[WhiteElo "2506"]
[BlackElo "2175"]
[EventDate "2019.07.05"]
[PlyCount "123"]
[EventRounds "11"]
[EventCountry "BRA"]

1.d4 Nf6 2.c4 c5 3.d5 e6 4.Nc3 exd5 5.cxd5 d6 6.e4 g6 7.f4 Bg7 8.Bb5+ Nbd7
9.a4 O-O 10.Nf3 Re8 11.O-O a6 12.Bd3 Qa5 13.Ra3 c4 14.Bc2 Nc5 15.h3 Nfd7 
16.Re1 Rb8 17.Kh1 Qc7 18.a5 b5 19.axb6 Rxb6 20.Ra2 Rb4 21.Bd2 Nd3 22.Bxd3 
cxd3 23.Re3 Bxc3 24.Bxc3 Rbxe4 25.Rxe4 Rxe4 26.Qxd3 Qc4 27.Qxc4 Rxc4 28.
Ra1 Rxf4 29.Re1 Ne5 30.Nxe5 dxe5 31.Rxe5 Bd7 32.Re7 Bb5 33.Rc7 f6 34.Kh2 
Rf5 35.d6 Rd5 36.Bb4 Rd4 37.Bc5 Rd3 38.b4 h5 39.h4 g5 40.hxg5 fxg5 41.Re7 
Rd5 42.Kg3 Bc6 43.Rc7 Rd3+ 44.Kf2 Bb5 45.Re7 Bc6 46.Re5 g4 47.Rxh5 g3+ 48.
Ke2 Bb5 49.Ke1 Kf7 50.Re5 Kf6 51.Re7 Kf5 52.Rf7+ Ke6 53.Rf8 Ke5 54.Rh8 Kf5
55.Rh5+ Kg6 56.Re5 Kf6 57.Re2 Kf5 58.Re7 Kf6 59.Rh7 Kf5 60.Rf7+ Ke6 61.Rf8
Ke5 62.Rf7 1/2-1/2

[Event "XIV American Continental"]
[Site "Sao Paulo BRA"]
[Date "2019.07.12"]
[Round "10.31"]
[White "Tomiello, Mateus Costamilan"]
[Black "Proudian, Armen"]
[Result "0-1"]
[WhiteElo "2114"]
[BlackElo "2429"]
[EventDate "2019.07.05"]
[PlyCount "58"]
[EventRounds "11"]
[EventCountry "BRA"]

1.e4 e5 2.Nf3 Nc6 3.Bb5 a6 4.Ba4 Nf6 5.O-O Be7 6.Re1 b5 7.Bb3 O-O 8.d4 d6 
9.c3 Bg4 10.d5 Na5 11.Bc2 c6 12.h3 Bc8 13.dxc6 Qc7 14.Nbd2 Qxc6 15.Nf1 Nc4
16.a4 Be6 17.Ng3 Rfb8 18.b3 Na5 19.b4 Nc4 20.Ng5 Bd7 21.a5 h6 22.Nf3 Nh7 
23.Nf5 Bxf5 24.exf5 Nf6 25.Nh2 d5 26.Ng4 Re8 27.Qf3 e4 28.Qg3 Nh5 29.Nxh6+
Qxh6 0-1

[Event "XIV American Continental"]
[Site "Sao Paulo BRA"]
[Date "2019.07.12"]
[Round "10.32"]
[White "Luz, Arthur Nader"]
[Black "Brito, Luismar"]
[Result "1-0"]
[WhiteElo "2114"]
[BlackElo "2298"]
[EventDate "2019.07.05"]
[PlyCount "113"]
[EventRounds "11"]
[EventCountry "BRA"]

1.e4 c5 2.Nc3 Nc6 3.Nf3 e6 4.g3 Be7 5.Bg2 h5 6.d4 cxd4 7.Nxd4 a6 8.Nxc6 
bxc6 9.e5 Qa5 10.Qe2 h4 11.Bd2 Qb6 12.b3 f5 13.Na4 Qc7 14.c4 a5 15.f4 Bb7 
16.Bc3 c5 17.O-O-O Bc6 18.Bxc6 Qxc6 19.Rhg1 h3 20.Qd2 Nh6 21.Bxa5 Ng4 22.
Rge1 Nxh2 23.Qxh2 Rxa5 24.Nc3 g5 25.fxg5 Bxg5+ 26.Kc2 Ra8 27.Qf2 Rh7 28.
Rh1 Be7 29.Qf1 d6 30.Rxh3 Rf7 31.exd6 Bxd6 32.Rh8+ Ke7 33.Rxa8 Qxa8 34.Qd3
Qb8 35.Qe3 Rg7 36.Nd5+ Kf7 37.Nf4 Bxf4 38.gxf4 Rg2+ 39.Rd2 Qa8 40.a4 Rxd2+
41.Kxd2 Qh1 42.Qxc5 Qh2+ 43.Kc3 Qxf4 44.a5 Qc1+ 45.Kb4 f4 46.a6 Qd2+ 47.
Kb5 Qd7+ 48.Ka5 Qd2+ 49.b4 Qd8+ 50.Qb6 Qxb6+ 51.Kxb6 f3 52.a7 f2 53.a8=Q 
f1=Q 54.c5 Qf2 55.Qa7+ Kg8 56.Qe7 Qe3 57.Kb7 1-0

[Event "XIV American Continental"]
[Site "Sao Paulo BRA"]
[Date "2019.07.12"]
[Round "10.33"]
[White "Filgueiras, Nathan Felipe"]
[Black "Palacio, Igor da Paz"]
[Result "1/2-1/2"]
[WhiteElo "2259"]
[BlackElo "2098"]
[EventDate "2019.07.05"]
[PlyCount "73"]
[EventRounds "11"]
[EventCountry "BRA"]

1.e4 e5 2.Nf3 Nc6 3.Bc4 Be7 4.O-O Nf6 5.d3 O-O 6.Re1 d6 7.a4 h6 8.h3 Nh7 
9.Nbd2 Ng5 10.Nf1 Nxf3+ 11.Qxf3 Nd4 12.Qd1 Bg5 13.Ne3 Be6 14.c3 Bxc4 15.
Nxc4 Ne6 16.Bxg5 Qxg5 17.Qg4 Qxg4 18.hxg4 a5 19.Red1 Nc5 20.Ne3 Rfd8 21.f3
f6 22.Kf2 Kf7 23.g3 Ne6 24.d4 g6 25.Rac1 Rh8 26.Nc2 h5 27.gxh5 Rxh5 28.Rh1
Rah8 29.Rxh5 Rxh5 30.Kg2 Rh8 31.Rd1 Ra8 32.Ne3 Kg7 33.Nd5 Kf7 34.Kf2 Rh8 
35.Kg2 Ra8 36.Ne3 Ra6 37.Nd5 1/2-1/2

[Event "XIV American Continental"]
[Site "Sao Paulo BRA"]
[Date "2019.07.12"]
[Round "10.34"]
[White "Caceres, Diego"]
[Black "Martins, Carlos"]
[Result "1-0"]
[WhiteElo "2087"]
[BlackElo "2238"]
[EventDate "2019.07.05"]
[PlyCount "71"]
[EventRounds "11"]
[EventCountry "BRA"]

1.d4 Nf6 2.c4 e6 3.Nf3 b6 4.Bg5 Bb7 5.Nc3 Bb4 6.Nd2 h6 7.Bh4 c5 8.d5 Bxc3 
9.bxc3 exd5 10.cxd5 Bxd5 11.e4 Be6 12.e5 g5 13.Bg3 Ng8 14.Ne4 Nc6 15.Nd6+ 
Kf8 16.Bd3 g4 17.f4 h5 18.f5 Bd5 19.O-O f6 20.Bb5 Bxg2 21.Kxg2 h4 22.Qd5 
Rh7 23.Bf4 Nce7 24.Qe4 a6 25.Bc4 b5 26.Bd5 Ra7 27.Rae1 Nxd5 28.Qxd5 Qa8 
29.Qxa8+ Rxa8 30.Ne4 fxe5 31.Bxe5 c4 32.f6 Rh5 33.f7 Rxe5 34.fxg8=Q+ Kxg8 
35.Nf6+ Kg7 36.Rxe5 1-0

[Event "XIV American Continental"]
[Site "Sao Paulo BRA"]
[Date "2019.07.12"]
[Round "10.35"]
[White "Cherniack, Alex"]
[Black "Moura, Eduardo Eugenio Chaves"]
[Result "1/2-1/2"]
[WhiteElo "2231"]
[BlackElo "2101"]
[EventDate "2019.07.05"]
[PlyCount "72"]
[EventRounds "11"]
[EventCountry "BRA"]

1.d4 d6 2.e4 Nf6 3.Nc3 Nbd7 4.Nf3 e5 5.Bc4 Be7 6.O-O h6 7.h3 c6 8.a4 a5 9.
Qe2 Qc7 10.Rd1 O-O 11.Be3 Nxe4 12.Nxe4 d5 13.Ng3 dxc4 14.Qxc4 exd4 15.Bxd4
Nf6 16.Re1 Nd5 17.Re4 Bd6 18.Be5 Bxe5 19.Rxe5 Be6 20.Rae1 Rae8 21.Qc5 b6 
22.Qd4 Bd7 23.b3 f6 24.Rxe8 Rxe8 25.Rxe8+ Bxe8 26.Qe4 Qe7 27.c4 Qxe4 28.
Nxe4 Nc7 29.c5 bxc5 30.Nxc5 Kf7 31.Nd2 Ne6 32.Nb7 Ke7 33.f3 Nd4 34.Kf2 Bf7
35.Nxa5 Kd6 36.Ke3 Ne6 1/2-1/2

[Event "XIV American Continental"]
[Site "Sao Paulo BRA"]
[Date "2019.07.12"]
[Round "10.36"]
[White "Santos Filho, Tadeu Sousa"]
[Black "Jodorcovsky Werjivker, Paulo"]
[Result "0-1"]
[WhiteElo "2057"]
[BlackElo "2228"]
[EventDate "2019.07.05"]
[PlyCount "42"]
[EventRounds "11"]
[EventCountry "BRA"]

1.e4 c5 2.Nf3 e6 3.g3 Nc6 4.Bg2 Nf6 5.Qe2 Be7 6.O-O d5 7.exd5 Nxd5 8.Nc3 
O-O 9.a3 b6 10.Rd1 Bb7 11.h4 Qd7 12.Ne5 Nxe5 13.Qxe5 Nxc3 14.Qxc3 Bf6 15.
Qe3 Bxg2 16.Kxg2 Qa4 17.Qb3 Qe4+ 18.Kg1 c4 19.Qa4 Bd4 20.c3 b5 21.d3 Bxf2+
0-1

[Event "XIV American Continental"]
[Site "Sao Paulo BRA"]
[Date "2019.07.12"]
[Round "10.37"]
[White "Pereira, Silvio Cunha"]
[Black "Araujo, Sergio Murilo"]
[Result "1/2-1/2"]
[WhiteElo "2220"]
[BlackElo "2090"]
[EventDate "2019.07.05"]
[PlyCount "52"]
[EventRounds "11"]
[EventCountry "BRA"]

1.e4 d6 2.d4 Nf6 3.Nc3 g6 4.Bc4 Bg7 5.e5 dxe5 6.dxe5 Qxd1+ 7.Nxd1 Nfd7 8.
f4 Nb6 9.Bb3 Nc6 10.Nc3 Bf5 11.Nf3 f6 12.exf6 Bxf6 13.Be3 O-O-O 14.O-O Na5
15.Bxb6 axb6 16.Rae1 Nxb3 17.cxb3 Rd7 18.Ne5 Rd2 19.Rf2 Rhd8 20.Ree2 Rxe2 
21.Rxe2 Rd4 22.g3 c6 23.Kg2 b5 24.Nf3 Rd3 25.Ne1 Rd4 26.Nf3 Rd3 1/2-1/2

[Event "XIV American Continental"]
[Site "Sao Paulo BRA"]
[Date "2019.07.12"]
[Round "10.38"]
[White "Fernandez, Maria Florencia"]
[Black "Caceres Vasquez, Sergio"]
[Result "1-0"]
[WhiteElo "2220"]
[BlackElo "2081"]
[EventDate "2019.07.05"]
[PlyCount "61"]
[EventRounds "11"]
[EventCountry "BRA"]

1.d4 d5 2.c4 c6 3.Nf3 Nf6 4.Qc2 g6 5.g3 Bg7 6.Bg2 O-O 7.O-O Bf5 8.Qb3 Qb6 
9.Nc3 Qxb3 10.axb3 Na6 11.Bg5 Rfd8 12.cxd5 cxd5 13.Nh4 Be6 14.Ra5 Nc7 15.
Bf4 Nce8 16.Rfa1 a6 17.Be5 Rac8 18.e3 g5 19.Nf3 h6 20.Nd2 Kf8 21.b4 Bd7 
22.Nb3 Bc6 23.Bf1 e6 24.b5 axb5 25.Nxb5 Ne4 26.Na7 Bxe5 27.dxe5 Rc7 28.f3 
b6 29.Ra6 Rxa7 30.Rxa7 Nc5 31.Nd4 1-0

[Event "XIV American Continental"]
[Site "Sao Paulo BRA"]
[Date "2019.07.12"]
[Round "10.39"]
[White "Terao, Juliana Sayumi"]
[Black "Almeida Junior, Alvaro Alves de"]
[Result "1-0"]
[WhiteElo "2213"]
[BlackElo "2076"]
[EventDate "2019.07.05"]
[PlyCount "47"]
[EventRounds "11"]
[EventCountry "BRA"]

1.e4 Nf6 2.e5 Nd5 3.c4 Nb6 4.d4 d6 5.exd6 exd6 6.Nc3 Be7 7.Bd3 O-O 8.Nge2 
Bf6 9.O-O Nc6 10.Be3 Bg4 11.f3 Bh5 12.b3 d5 13.c5 Nc8 14.Nf4 Bg5 15.Ncxd5 
N8e7 16.Nxh5 Qxd5 17.f4 Bf6 18.Nxf6+ gxf6 19.Qg4+ Kh8 20.Qh4 f5 21.Qf6+ 
Kg8 22.Bc4 Qe4 23.Rae1 Ng6 24.d5 1-0

[Event "XIV American Continental"]
[Site "Sao Paulo BRA"]
[Date "2019.07.12"]
[Round "10.40"]
[White "Guimaraes, Wagner Peixoto"]
[Black "Do Nascimento, Christian Almeida"]
[Result "1-0"]
[WhiteElo "2206"]
[BlackElo "2033"]
[EventDate "2019.07.05"]
[PlyCount "49"]
[EventRounds "11"]
[EventCountry "BRA"]

1.Nf3 Nf6 2.g3 g6 3.b3 Bg7 4.Bb2 O-O 5.Bg2 c5 6.c4 Nc6 7.O-O b6 8.d4 cxd4 
9.Nxd4 Bb7 10.Nc3 Qc8 11.Rc1 Nxd4 12.Qxd4 Bxg2 13.Kxg2 Qb7+ 14.f3 e5 15.
Qd3 e4 16.Nxe4 Nxe4 17.Bxg7 Kxg7 18.fxe4 Rae8 19.Rf4 f5 20.Rd1 Re7 21.Kg1 
fxe4 22.Qd4+ Kg8 23.Rxf8+ Kxf8 24.Qh8+ Kf7 25.Rf1+ 1-0

[Event "XIV American Continental"]
[Site "Sao Paulo BRA"]
[Date "2019.07.12"]
[Round "10.41"]
[White "Markzon, Gregory"]
[Black "Gauche, Charles"]
[Result "0-1"]
[WhiteElo "2059"]
[BlackElo "2200"]
[EventDate "2019.07.05"]
[PlyCount "46"]
[EventRounds "11"]
[EventCountry "BRA"]

1.d4 d5 2.c4 e5 3.dxe5 d4 4.e4 Nc6 5.f4 Nxe5 6.Nf3 Bb4+ 7.Bd2 Bxd2+ 8.
Nbxd2 Ng4 9.Bd3 Ne3 10.Qe2 c5 11.Nf1 Qa5+ 12.Kf2 Nf6 13.h3 Nxg2 14.Kxg2 
Nh5 15.Kh2 Nxf4 16.Qd1 Qb6 17.Qd2 Qh6 18.Kg1 g5 19.Rh2 Bxh3 20.Kf2 g4 21.
Ng1 Nxd3+ 22.Qxd3 Qf4+ 23.Ke1 Bxf1 0-1

[Event "XIV American Continental"]
[Site "Sao Paulo BRA"]
[Date "2019.07.12"]
[Round "10.42"]
[White "Lage, Pedro Ferreira"]
[Black "Gonzalez, Bolivar Ribeiro"]
[Result "0-1"]
[WhiteElo "2050"]
[BlackElo "2193"]
[EventDate "2019.07.05"]
[PlyCount "50"]
[EventRounds "11"]
[EventCountry "BRA"]

1.Nf3 d5 2.c4 d4 3.d3 c5 4.g3 Nc6 5.Bg2 e5 6.O-O Nf6 7.e3 Bd6 8.exd4 cxd4 
9.Na3 h6 10.Nc2 a5 11.a3 O-O 12.Rb1 a4 13.Bd2 Bf5 14.Bb4 Re8 15.Re1 Bc7 
16.b3 axb3 17.Rxb3 Qc8 18.Nd2 Qd7 19.Qe2 Rad8 20.Bc5 e4 21.Qf1 exd3 22.Nb4
Na5 23.Rbb1 b6 24.Na6 bxc5 25.Nxc5 Qd6 0-1

[Event "XIV American Continental"]
[Site "Sao Paulo BRA"]
[Date "2019.07.12"]
[Round "10.43"]
[White "Guerreiro, Alexandre Vieira"]
[Black "Curi Milia, Gabriel"]
[Result "1/2-1/2"]
[WhiteElo "2016"]
[BlackElo "2185"]
[EventDate "2019.07.05"]
[PlyCount "60"]
[EventRounds "11"]
[EventCountry "BRA"]

1.d4 d5 2.c4 c6 3.Nf3 Nf6 4.e3 e6 5.Nc3 Nbd7 6.Qc2 Bd6 7.b3 O-O 8.Be2 b6 
9.O-O Bb7 10.Bb2 Qe7 11.Rad1 Rad8 12.Rfe1 Rfe8 13.e4 Nxe4 14.Nxe4 dxe4 15.
Qxe4 Bb4 16.Rf1 Bd6 17.Rfe1 Nf6 18.Qh4 c5 19.d5 exd5 20.Bxf6 Qxf6 21.Qxf6 
gxf6 22.cxd5 a6 23.a4 Bc7 24.Bc4 Rxe1+ 25.Nxe1 Be5 26.Nf3 b5 27.axb5 axb5 
28.Bxb5 Rxd5 29.Rxd5 Bxd5 30.Bc4 Bxf3 1/2-1/2

[Event "XIV American Continental"]
[Site "Sao Paulo BRA"]
[Date "2019.07.12"]
[Round "10.44"]
[White "Alboredo, Julia"]
[Black "Sanches Casanova, Romario"]
[Result "1-0"]
[WhiteElo "2175"]
[BlackElo "2014"]
[EventDate "2019.07.05"]
[PlyCount "120"]
[EventRounds "11"]
[EventCountry "BRA"]

1.d4 Nf6 2.c4 c5 3.d5 e5 4.Nc3 d6 5.e4 Be7 6.g3 O-O 7.h4 a6 8.a4 Ne8 9.Bh3
Nd7 10.Kf1 Rb8 11.Kg2 Nc7 12.Qd3 Nf6 13.Bxc8 Qxc8 14.Nge2 b6 15.f3 h5 16.
Be3 Qd7 17.b3 b5 18.axb5 axb5 19.Rhb1 bxc4 20.bxc4 Rxb1 21.Qxb1 Ra8 22.Bg5
Rxa1 23.Qxa1 Nce8 24.Qa8 Qd8 25.Qa4 Kf8 26.Bd2 Nd7 27.Nb5 Qb6 28.Qa7 Qb8 
29.Qa6 Qb6 30.Qa2 Bd8 31.Nc1 Qb8 32.Nd3 Nb6 33.f4 f6 34.Nb2 Qa8 35.Qxa8 
Nxa8 36.Na7 Nb6 37.Nc6 Bc7 38.f5 Kf7 39.g4 hxg4 40.Kg3 g6 41.fxg6+ Kxg6 
42.Kxg4 Ng7 43.Ne7+ Kf7 44.Nf5 Nxf5 45.Kxf5 Nc8 46.Nd1 Ne7+ 47.Kg4 Bd8 48.
Ne3 f5+ 49.exf5 Ng8 50.Nf1 Nf6+ 51.Kf3 e4+ 52.Kg3 Nd7 53.Bf4 Be7 54.Ne3 
Nb6 55.Bg5 Bf8 56.Kf4 Bg7 57.Kxe4 Bd4 58.Kd3 Bxe3 59.Bxe3 Kf6 60.Bf4 Kxf5 
1-0

[Event "XIV American Continental"]
[Site "Sao Paulo BRA"]
[Date "2019.07.12"]
[Round "10.45"]
[White "Federzoni, Enzo"]
[Black "De Souza, Cristiano Gomes"]
[Result "0-1"]
[WhiteElo "2140"]
[BlackElo "2000"]
[EventDate "2019.07.05"]
[PlyCount "86"]
[EventRounds "11"]
[EventCountry "BRA"]

1.e4 c5 2.Nf3 d6 3.d4 cxd4 4.Nxd4 Nf6 5.Nc3 g6 6.Be3 Bg7 7.f3 O-O 8.Qd2 
Nc6 9.O-O-O d5 10.Qe1 e5 11.Nxc6 bxc6 12.exd5 Nxd5 13.Bc4 Be6 14.Ne4 Qc7 
15.Bc5 Rfd8 16.Qh4 h6 17.g4 Rd7 18.g5 Qd8 19.Qf2 hxg5 20.h4 gxh4 21.Rxh4 
f5 22.Nc3 Qg5+ 23.f4 exf4 24.Bxd5 Bxd5 25.Bd4 Qg3 26.Rxf4 Qxf2 27.Rxf2 Bf7
28.Bxg7 Rxd1+ 29.Kxd1 Rd8+ 30.Ke2 Kxg7 31.a3 c5 32.b4 cxb4 33.axb4 Rb8 34.
Rf4 Kf6 35.Na4 Ke5 36.Rh4 f4 37.Nc5 Kf5 38.c3 Bc4+ 39.Kf2 Re8 40.Rh7 Kg4 
41.Rg7 g5 42.Nd7 Re2+ 43.Kg1 Kh3 0-1

[Event "XIV American Continental"]
[Site "Sao Paulo BRA"]
[Date "2019.07.12"]
[Round "10.46"]
[White "Caetano, Ryan Wesley da Costa"]
[Black "Montero Martinez, Cristhian"]
[Result "1-0"]
[WhiteElo "2155"]
[BlackElo "1991"]
[EventDate "2019.07.05"]
[PlyCount "85"]
[EventRounds "11"]
[EventCountry "BRA"]

1.d4 Nf6 2.c4 c5 3.d5 b5 4.cxb5 a6 5.Nc3 axb5 6.e4 b4 7.Nb5 d6 8.Bf4 Nxe4 
9.Qe2 g5 10.Bc1 Bf5 11.g4 Bg6 12.Bg2 Qb6 13.Bxe4 Bxe4 14.Qxe4 Qxb5 15.Bxg5
Nd7 16.Nf3 Kd8 17.Qe2 Qxe2+ 18.Kxe2 Bg7 19.Rhb1 Nb6 20.a3 bxa3 21.Rxa3 Rb8
22.Kf1 h5 23.Nh4 hxg4 24.Nf5 f6 25.Nxg7 fxg5 26.Ne6+ Ke8 27.b4 Nxd5 28.b5 
Rxh2 29.Kg1 Rh5 30.Ng7+ Kf7 31.Nxh5 Nb4 32.Ra5 d5 33.b6 Rxb6 34.Rxc5 Ke6 
35.Rc3 Kd6 36.Rcb3 Kc5 37.Ng3 e6 38.Ne2 e5 39.Rc1+ Kd6 40.Nc3 d4 41.Na2 
Nd5 42.Rxb6+ Nxb6 43.Nb4 1-0

[Event "XIV American Continental"]
[Site "Sao Paulo BRA"]
[Date "2019.07.12"]
[Round "10.47"]
[White "Freitas Capiberibe, Andre Antoni"]
[Black "Sanchez Alvarez, Roberto Carlos"]
[Result "0-1"]
[WhiteElo "2024"]
[BlackElo "2434"]
[EventDate "2019.07.05"]
[PlyCount "80"]
[EventRounds "11"]
[EventCountry "BRA"]

1.e4 c5 2.Nf3 d6 3.d4 cxd4 4.Nxd4 Nf6 5.f3 e5 6.Bb5+ Nbd7 7.Nb3 Be7 8.Be3 
O-O 9.Bd3 Nb6 10.c4 Be6 11.Qe2 Rc8 12.Na3 a6 13.O-O Nbd7 14.Rac1 Nh5 15.g3
Nhf6 16.Nb1 b5 17.cxb5 axb5 18.Rxc8 Qxc8 19.Bxb5 d5 20.Bg5 dxe4 21.fxe4 
Bc5+ 22.Kh1 Bb6 23.Nc3 Qb7 24.Bc4 Bh3 25.Re1 Ng4 26.Nd1 h6 27.Bd5 Qa7 28.
Ne3 Bxe3 29.Bxe3 Nxe3 30.Qxe3 Qxa2 31.g4 Bxg4 32.Rg1 Nf6 33.h3 Nxd5 34.
exd5 Bh5 35.Qxe5 Bf3+ 36.Kh2 f6 37.Qe6+ Kh8 38.d6 Qxb2+ 39.Kg3 Bc6 40.d7 
Bxd7 0-1

[Event "XIV American Continental"]
[Site "Sao Paulo BRA"]
[Date "2019.07.12"]
[Round "10.48"]
[White "Silva, Kaua Marques"]
[Black "Gasic Merino, Franco"]
[Result "0-1"]
[WhiteElo "1965"]
[BlackElo "2226"]
[EventDate "2019.07.05"]
[PlyCount "66"]
[EventRounds "11"]
[EventCountry "BRA"]

1.e4 d5 2.exd5 Nf6 3.Bb5+ Bd7 4.Be2 Nxd5 5.d4 c5 6.c4 Nf6 7.d5 e6 8.dxe6 
fxe6 9.Nf3 Nc6 10.Nc3 Qc7 11.Bg5 Rd8 12.Bxf6 gxf6 13.Nd2 Be7 14.Bd3 Qe5+ 
15.Ne2 Nb4 16.Nf3 Qxb2 17.O-O Bc6 18.Rb1 Qxa2 19.Nf4 Nxd3 20.Nxd3 Rg8 21.
Nfe1 Qxc4 22.Qh5+ Kf8 23.Qh6+ Rg7 24.Rc1 Qe4 25.Nxc5 Qd5 26.Ncd3 Kg8 27.
Qh3 e5 28.Rd1 Qb3 29.Rd2 Kh8 30.Qe3 Qd5 31.Kh1 Qxg2+ 32.Nxg2 Bxg2+ 33.Kg1 
Bf3+ 0-1

[Event "XIV American Continental"]
[Site "Sao Paulo BRA"]
[Date "2019.07.12"]
[Round "10.49"]
[White "Campelo, Leandro Fabricio"]
[Black "Mariani, Daniel Brandao"]
[Result "1-0"]
[WhiteElo "2155"]
[BlackElo "2062"]
[EventDate "2019.07.05"]
[PlyCount "53"]
[EventRounds "11"]
[EventCountry "BRA"]

1.e4 e6 2.d4 d5 3.Nc3 Nf6 4.Bg5 Bb4 5.e5 h6 6.Bc1 Ne4 7.Qg4 g5 8.a3 h5 9.
Qf3 Bxc3+ 10.bxc3 c5 11.Ne2 Qa5 12.Qe3 g4 13.f3 cxd4 14.Nxd4 gxf3 15.gxf3 
Qxc3+ 16.Qxc3 Nxc3 17.a4 Bd7 18.Bd2 Nxa4 19.Nb5 Nc6 20.Nc7+ Ke7 21.Bg5+ 
Kf8 22.Nxa8 Nd4 23.Kf2 Nxc2 24.Rc1 Nd4 25.Rc7 Bc6 26.Rc8+ Be8 27.Nc7 1-0